OPAC | Catalogo Arcigay delle biblioteche LGBTQIA+

Il Catalogo di Arcigay delle Biblioteche LGBTQIA+ è un servizio fornito grazie alla collaborazione tra Arcigay nazionale e le associazioni locali aderenti al progetto che conservano e rendono pubbliche biblioteche a tema LGBTQIA+.

Qui nel mondo reale / (Record no. 16572)

MARC details
000 -LEADER
campo di controllo lung. fissa 01754nam a22002297i 4500
001 - Numero di controllo
campo di controllo IT\ICCU\LO1\1804335
003 - Identificatore del numero di controllo
campo di controllo ItRI
005 - Data e orario dell'ultima transazione
campo di controllo 20260115232051.0
008 - Elementi di lunghezza fissa--Informazione generale
campo di controllo lung. fissa 201201s2020 it |||||| |||||1|||||c
020 ## - ISBN (International Standard Book Number)
ISBN (International Standard Book Number) 9788817149020
040 ## - Fonte della catalogazione
Lingua della catalogazione ita
Agenzia che fa la trascrizione importazione bologna sebina
041 #7 - Codice di lingua
Codice di lingua del testo/traccia sonora o titolo separato ita
Fonte del codice ISO-639-2
100 1# - Accesso principale -- nome di persona
Nome di persona Pennypacker, Sara
Numero del record di authority o numero standard IT\ICCU\MODV\585696
240 10 - Titolo uniforme
Titolo uniforme Here in the real world
-- IT\ICCU\LO1\1804338
9 (RLIN) Pennypacker, Sara
245 10 - Formulazione del titolo
Titolo Qui nel mondo reale /
Formulazione di responsabilità, ecc. Sara Pennypacker ; traduzione di Paolo Maria Bonora ; illustrazioni di Jon Klassen.
260 ## - Pubblicazione, distribuzione, ecc. (stampa)
Luogo di pubblicazione, distribuzione, ecc. Milano :
Nome dell'editore, distributore, ecc. Rizzoli,
Data di pubblicazione, distribuzione, ecc. 2020
300 ## - Descrizione fisica
Estensione 300 p. :
Altre particolarità fisiche ill. ;
Dimensioni 22 cm
520 ## - Riassunto, ecc.
Nota di riassunto, ecc. Ware non vede l'ora di trascorrere l'estate perso nel suo mondo, a sognare di cavalieri medievali e, in generale, per i fatti suoi. Ma i genitori lo iscrivono all'odiato centro estivo, dove dovrà sopportare interazioni sociali significative e tutte le attività previste per i cosiddetti ragazzi normali. Quando scopre una chiesa in rovina poco distante, l'estate prende una piega decisamente più avvincente. In mezzo alle macerie incontra una ragazzina che coltiva papaye. Si chiama Jolene e non lo accoglie di certo a braccia aperte; prima cerca di cacciarlo, poi non smette di prenderlo in giro e dirgli che lui non vive nel mondo reale. Per quanto siano diversi, i due hanno però una cosa in comune: per loro quel posto diventa un rifugio. Un rifugio minacciato, purtroppo, che Ware è deciso a salvare seguendo le regole del codice cavalleresco. Ma com'è un eroe nella vita vera? E cosa possono fare due ragazzini da soli? Età di lettura: da 9 anni.
700 1# - Accesso aggiunto--nome di persona
Nome di persona Bonora, Paolo Maria
Numero del record di authority o numero standard IT\ICCU\LO1V\449386
Relazione: trl
700 1# - Accesso aggiunto--nome di persona
Nome di persona Klassen, Jon
Numero del record di authority o numero standard IT\ICCU\MODV\648380
Relazione: ill
942 ## - Dati aggiuntivi (Koha)
Fonte della classificazione o dello schema di collocazione (segnatura) Classificazione decimale Dewey
Tipo copia default (Koha) Libri
Nasconto in Opac No
Holdings
Status ritirato Status smarrito: Status danneggiato: Escluso dal prestito Biblioteca di appartenenza Biblioteca corrente Data di acquisti Numero d'inventario Totale prestiti Collocazione Codice a barre Data ultima revisione Prezzo effettivo da Tipo copia default (Koha) Nota pubblica
        BOLOGNA | Centro di Documentazione "Flavia Madaschi" Cassero LGBTQIA+ Center BOLOGNA | Centro di Documentazione "Flavia Madaschi" Cassero LGBTQIA+ Center 15/01/2026 19334   R 813.6 PEN BO19334 15/01/2026 15/01/2026 Libri 1 v.
Se cerchi informazioni su Arcigay, le puoi trovare nel nostro sito: www.arcigay.it